| 000 | 01450nam a2200337 c 4500 | ||
|---|---|---|---|
| 999 |
_c51922 _d51922 |
||
| 003 | BLK | ||
| 005 | 20220324103239.0 | ||
| 008 | 180408b bul|||||r ||||||| ||bul|| | ||
| 010 | _aKNG00055837000 | ||
| 040 | _aBLK | ||
| 041 |
_aBUL _cBUL |
||
| 080 |
_aСпорт. Физическа култура _b796/799 _x:159.9 _z796/799:159.9 |
||
| 100 | 1 |
_aАлексеев, Анатолий Василевич _eпърви автор _9284090 |
|
| 139 |
_aАлексеев, Анатолий Василевич _bА 51 |
||
| 245 | 1 | 0 |
_aДа преодолееш себе си _bОснови на психорегулиращата тренировка _cАнатолий Василевич Алексеев; прев. от рус. Ташко Касабов. |
| 257 | _aSUN | ||
| 260 |
_bМедицина и физкултура _c1982 _f(Пловдив : Д. Благоев) _aСофия |
||
| 300 |
_a120 с. _c20 см |
||
| 380 | _a79 | ||
| 500 | _aОриг. загл. Себя преодолеть. | ||
| 650 | 4 |
_aСпорт - психология _9262226 |
|
| 653 | _aпсихотехника | ||
| 653 | _aтренировки | ||
| 653 | _aспорт | ||
| 700 | 1 |
_aКасабов, Ташко _eпрев. от рус. _9284091 |
|
| 852 |
_aЦб 113110 _bЦб |
||
| 942 |
_cKNG _n0 _01 _s1 |
||
| 944 |
_aCR _c17.06.2011 _l17.06.2011 - от С1,Р / 17.06.2011 _kВиолета_Тройчева |
||
| 944 |
_aED _c2022-03-24 _l2022-03-24 |
||